Polymer molecular weight methods : [papers] /
Guardado en:
| Autores Corporativos: | , , |
|---|---|
| Otros Autores: | |
| Formato: | Libro |
| Idioma: | English |
| Publicado: |
Washington :
American Chemical Society,
1973.
|
| Series: | Advances in chemistry series ;
125 |
| Materias: | |
| Etiquetas: |
Agregar Etiqueta
Sin Etiquetas, Sea el primero en etiquetar este registro!
|
| LEADER | 01393cam a22003015a 4500 | ||
|---|---|---|---|
| 001 | EIQ.libpla000568 | ||
| 008 | 740131s1973####dcua#####b####101#0#eng#d | ||
| 005 | 20060814163742.0 | ||
| 245 | 0 | 0 | |a Polymer molecular weight methods : |b [papers] / |c Myer Ezrin, editor. |
| 260 | |a Washington : |b American Chemical Society, |c 1973. | ||
| 300 | |a x, 350 p. : |b il. ; |c 24 cm. | ||
| 440 | 0 | |a Advances in chemistry series ; |v 125 | |
| 500 | |a "A symposium cosponsored by the Division of Analytical Chemistry and the Division of Polymer Chemistry at the 162nd meeting of the American Chemical Society, Washington, D.C., Sept. 14-16, 1971." | ||
| 504 | |a Incluye referencias bibliográficas e índice. | ||
| 020 | |a 0841201870 | ||
| 700 | 1 | |a Ezrin, Myer, |e ed. |4 edt | |
| 710 | 2 | |a American Chemical Society. |b Division of Analytical Chemistry. | |
| 710 | 2 | |a American Chemical Society. |b Division of Polymer Chemistry. | |
| 711 | 2 | |a meeting of the American Chemical Society |n (162nd : |c 1971 : |d Washington, D.C.) | |
| 082 | 0 | 0 | |a 540/.8 s |a 547/.1/222 |
| 650 | 0 | |a Pesos moleculares |x Mediciones. | |
| 650 | 4 | |a Polímeros |x Congresos. | |
| 650 | 0 | |a Molecular weights |x Measurement. | |
| 650 | 0 | |a Polymers |x Congresses. | |
| 010 | |a 73089047 | ||
| 040 | |a DLC |c DLC |d AR-BbSID | ||
| 859 | |a AR-BbSID |b BIB. PLAPIQUI |h 541.2254 |i P 769 |p 372 |t Ej. 1 |v Ej. 1 | ||
| 859 | |a AR-BbSID |b BIB. PLAPIQUI |h 541.2254 |i P 769 |p 373 |t Ej. 2 |v Ej. 2 | ||
